Problémy a výzvy spojené s označovaním udržateľných produktov diplomová práca

Gespeichert in:
Bibliographische Detailangaben
1. Verfasser: Baťková, Lenka
Körperschaft: Obchodná fakulta EU. Katedra marketingu
Weitere Verfasser: Jarossová, Malgorzata Agnieszka, 1978-
Format: Buch
Sprache:Slowakisch
Veröffentlicht: Bratislava 2024
Tags: Tag hinzufügen
Keine Tags, Fügen Sie das erste Tag hinzu!

MARC

LEADER 00000nbm a2200000 4500
001 0302339
005 20241206150725.3
041 0 |a slo 
044 |a SK 
245 1 0 |a Problémy a výzvy spojené s označovaním udržateľných produktov  |b diplomová práca  |c Lenka Baťková ; školiteľ: Malgorzata Agnieszka Jarossová 
264 1 |a Bratislava  |c 2024 
300 |a 93 s. 
100 1 |a Baťková, Lenka 
700 1 |a Jarossová, Malgorzata Agnieszka, 1978- 
710 2 |a Obchodná fakulta EU. Katedra marketingu